[Event "Open"]
[Site "Liberec CZE"]
[Date "2009.10.29"]
[Round "7"]
[White "Jina,L"]
[Black "Piankov,E"]
[Result "0-1"]
[WhiteElo "1911"]
[BlackElo "2367"]

1.d4 Nf6 2.c4 c6 3.Nc3 d5 4.Nf3 a6 5.a4 a5 6.e3 Na6 7.cxd5 Nxd5 8.Bc4 g6
9.Qb3 e6 10.e4 Nb6 11.Be2 Nb4 12.Be3 Bg7 13.O-O O-O 14.Na2 Nxa2 15.Rxa2 Nd7
16.Qc2 h6 17.Nd2 f5 18.f4 Nf6 19.e5 Nd5 20.Qb3 Qb6 21.Qxb6 Nxb6 22.Nc4 Nd5
23.Bd2 b6 24.Nd6 Rd8 25.Rc1 Bd7 26.Bf3 Bf8 27.Nc4 Rab8 28.b3 Be8 29.Bxd5 Rxd5
30.Be3 Bb4 31.Rd1 b5 32.Nb2 Bc3 33.Rd3 Bxb2 34.Rxb2 bxa4 35.Rc3 Rdb5 36.Bd2 axb3
37.Rc4 Ra8 38.Ra4 c5 39.dxc5 Bc6 40.Ra3 a4 41.Be3 Rb4 42.Kf1 Rd8 43.Ke1 Re4
44.Kf2 Rd1  0-1

[Event "17th TCh-Eur"]
[Site "Novi Sad SRB"]
[Date "2009.10.30"]
[Round "9"]
[White "Pelletier,Y"]
[Black "Aronian,L"]
[Result "1/2-1/2"]
[WhiteElo "2589"]
[BlackElo "2773"]

1.d4 d5 2.c4 c6 3.Nf3 Nf6 4.Nc3 a6 5.a4 e6 6.g3 dxc4 7.Ne5 c5 8.dxc5 Qxd1+
9.Nxd1 Bxc5 10.Bg2 Nd5 11.Bd2 Ke7 12.Nxc4 Nc6 13.Nc3 Nd4 14.Nxd5+ exd5 15.Ne3 Be6
16.Rd1 Rhd8 17.Bc3 Nxe2 18.Kxe2 d4 19.Bxb7 Ra7 20.Be4 dxc3 21.Rxd8 Kxd8 22.bxc3 g6
23.Rb1 h5 24.h4 Re7 25.Bd3 Bc8 26.Kd2 Bb7 27.Re1 Rd7 28.Kc2 Kc7 29.Bc4 Bc6
30.a5 Kb7 31.Rd1 Re7 32.Kb3 Bxe3 33.fxe3 Rxe3 34.Rd3 Re5 35.Kb4 g5  1/2-1/2

[Event "WJun"]
[Site "Puerto Madryn ARG"]
[Date "2009.10.30"]
[Round "9"]
[White "Lenderman,A"]
[Black "Gundavaa,B"]
[Result "1-0"]
[WhiteElo "2542"]
[BlackElo "2477"]

1.d4 d5 2.c4 c6 3.Nf3 Nf6 4.Nc3 a6 5.c5 Bf5 6.Nh4 Bg6 7.Bf4 Nbd7 8.e3 e6
9.Be2 Be7 10.O-O O-O 11.Bg3 Re8 12.Rc1 Qc8 13.b4 Bd8 14.Nxg6 hxg6 15.f4 Ne4
16.Nxe4 dxe4 17.Be1 g5 18.Bc4 g6 19.f5 exf5 20.g4 Nf6 21.gxf5 gxf5 22.Bg3 Kg7
23.Rc2 Nd5 24.Bxd5 cxd5 25.Rg2 Kg6 26.Rgf2 f4 27.exf4 f5 28.fxg5 e3 29.Rg2 Bc7
30.Bxc7 Qxc7 31.Qf3 Qf7 32.Re2 Re4 33.Rxe3 Rh8 34.Rxe4 dxe4 35.Qf4 Qd5 36.h4 Qxd4+
37.Rf2 Rf8 38.Kg2 Rf7 39.Rd2 Qc3 40.Rd6+ Kg7 41.g6 Rf8 42.h5 Qb2+ 43.Rd2 Qc3
44.Rd7+ Kg8 45.h6 Qb2+ 46.Qf2 Qxf2+ 47.Kxf2 Re8 48.Rf7 e3+ 49.Ke2  1-0

[Event "13th OIBM"]
[Site "Bad Wiessee GER"]
[Date "2009.11.03"]
[Round "5"]
[White "Raykhman,A"]
[Black "Lang,Al"]
[Result "1-0"]
[WhiteElo "2274"]
[BlackElo "2065"]

1.d4 d5 2.c4 c6 3.Nf3 Nf6 4.Nc3 a6 5.Bg5 Ne4 6.Bh4 Qa5 7.cxd5 Nxc3 8.Qd2 cxd5
9.bxc3 Nc6 10.e3 Bf5 11.Be2 e6 12.O-O Bd6 13.Bg3 Bxg3 14.hxg3 b5 15.a4 b4
16.cxb4 Qxb4 17.Rfc1 Qxd2 18.Nxd2 Kd7 19.Nb3 Nb4 20.a5 Rhc8 21.Nc5+ Kd6 22.Ra4 Rcb8
23.Ra3 f6 24.Na4 e5 25.Nb6 Ra7 26.g4 Be6 27.Rac3 Rbb7 28.Na4 Rc7 29.Rxc7 Rxc7
30.Rb1 Nc6 31.Rb6 exd4 32.exd4 Ke7 33.Nc5 Nxd4 34.Nxe6 Nxe6 35.Bxa6 Nc5 36.Bb5 Nb3
37.a6 Nc5 38.Bc6 Nxa6 39.Rxa6 Kd6 40.Ba8+ Ke5 41.Ra5 Rd7 42.f3 g6 43.Kf2 h6
44.Ke3 h5 45.f4+ Ke6 46.gxh5 gxh5 47.Ra6+ Kf5 48.Kf3 Re7 49.Ra3 Re5 50.Bb7 Re1
51.Ba6 Re7 52.Bd3+ Ke6 53.Ra6+ Kf7 54.Rd6 Kg7 55.Rxd5 Kh6 56.Kg3 Rg7+ 57.Kf3 h4
58.Bf5 Ra7 59.Rd7 Ra3+ 60.Kf2  1-0

[Event "3rd Asian Indoor Team Rapid Prelim"]
[Site "Ha Long City VIE"]
[Date "2009.11.05"]
[Round "3"]
[White "Zhao Xue"]
[Black "Pham Le Thao Nguyen"]
[Result "1-0"]
[WhiteElo "2506"]
[BlackElo "2295"]

1.d4 d5 2.c4 c6 3.Nf3 Nf6 4.Nc3 a6 5.c5 Bf5 6.Bf4 Nbd7 7.e3 e6 8.Nd2 Be7
9.Be2 h6 10.O-O O-O 11.b4 b5 12.a4 Qc8 13.Ra3 Qb7 14.Qb3 Ne8 15.Rfa1 e5 16.dxe5 Be6
17.Qc2 Nc7 18.Nb3 Nb8 19.axb5 cxb5 20.Na5 Qc8 21.Bf3 Qd7 22.Rd1 Nc6 23.Nxc6 Qxc6
24.Ne2 Ra7 25.Nd4 Qb7 26.h3 Rc8 27.Nf5 Bxf5 28.Qxf5 Bf8 29.h4 Rd8 30.h5 a5
31.Be4 dxe4 32.Rxd8 Ne6 33.Rd1 axb4 34.c6 Qb8 35.Rxa7 Qxa7 36.Rd7 Qa1+ 37.Kh2 b3
38.Qxf7+ Kh8 39.Qxe6 b2 40.Rd8 Qa3 41.Qf7  1-0

[Event "TCh-FIN"]
[Site "Finland FIN"]
[Date "2009.11.08"]
[Round "5"]
[White "Niemela,A"]
[Black "Nivala,T"]
[Result "1/2-1/2"]
[WhiteElo "2282"]
[BlackElo "2219"]

1.Nf3 d5 2.d4 Nf6 3.c4 c6 4.Nc3 a6 5.e3 b5 6.cxd5 cxd5 7.Ne5 e6 8.Bd3 Bd6
9.f4 Bb7 10.Qf3 Nc6 11.O-O Rc8 12.Bd2 Nb4 13.Bb1 g6 14.Be1 Nd7 15.f5 gxf5
16.Bxf5 exf5 17.Qxf5 Rf8 18.Bh4 Be7 19.Nxf7 Bxh4 20.Qe6+ Qe7 21.Nd6+ Kd8
22.Rxf8+ Nxf8 23.Nxb7+ Qxb7 24.Qd6+ Ke8 25.Qxb4 Be7 26.Qb3 Rd8 27.Rf1 Qc6
28.Rf5 Qe6 29.Re5 Qc6 30.h3 Ng6 31.Rxd5 Rxd5 32.Qxd5 Qxd5 33.Nxd5 Bd8 34.Kf2 Nf8
35.Kf3 Kd7 36.Ke4 Kd6 37.Nb4 a5 38.Nd3 Nd7 39.Nf4 Nf6+ 40.Kd3 Nd5 41.Nxd5 Kxd5
42.e4+ Ke6 43.b3 Bb6 44.a4 bxa4 45.bxa4 Bd8 46.Kc4 Be7 47.Kb5 Bb4 48.Kc6 Be7
49.Kb5 Bb4  1/2-1/2

[Event "Las Americas Open"]
[Site "Medellin COL"]
[Date "2009.11.13"]
[Round "3"]
[White "Lopez,CM CUB"]
[Black "Torres,Ju2"]
[Result "0-1"]
[WhiteElo "2319"]
[BlackElo "2204"]

1.Nf3 d5 2.d4 c6 3.c4 Nf6 4.Nc3 a6 5.Bg5 Ne4 6.Bf4 Nxc3 7.bxc3 dxc4 8.g3 b5
9.Bg2 Bb7 10.Ne5 e6 11.O-O Be7 12.Rb1 Qc8 13.Qc2 Nd7 14.a4 Nb6 15.e4 O-O
16.axb5 cxb5 17.Rfd1 Nd7 18.d5 exd5 19.Bh3 f5 20.Bxf5 Rxf5 21.exf5 Nxe5 22.Bxe5 d4
23.cxd4 Bd5 24.Re1 Qd7 25.Re3 b4 26.Rbe1 b3 27.Qe2 Bb4 28.Rc1 Rc8 29.Bxg7 Kxg7
30.Qh5 b2 31.f6+ Kh8 32.Rf1 Bf7 33.Qh6 Bf8 34.Qg5 Qb5 35.Qg4 Re8 36.Re7 b1=Q
37.Rxf7 Qxf1+ 38.Kxf1 c3+  0-1

[Event "Waling Dijkstra GpA"]
[Site "Leeuwarden NED"]
[Date "2009.11.14"]
[Round "3"]
[White "Zherebukh,Y"]
[Black "Cruz Lledo,P"]
[Result "1-0"]
[WhiteElo "2527"]
[BlackElo "2242"]

1.Nf3 d5 2.d4 c6 3.c4 Nf6 4.Nc3 a6 5.g3 e6 6.Bg2 c5 7.cxd5 Nxd5 8.O-O Nc6
9.e4 Nxc3 10.bxc3 Bd6 11.Bg5 f6 12.Be3 Qe7 13.e5 fxe5 14.Nxe5 Nxe5 15.dxe5 Bxe5
16.Qh5+  1-0

[Event "Las Americas Open"]
[Site "Medellin COL"]
[Date "2009.11.14"]
[Round "4"]
[White "Santos Flores,A"]
[Black "Zuluaga,C"]
[Result "1/2-1/2"]
[WhiteElo "2313"]
[BlackElo "2290"]

1.d4 d5 2.c4 c6 3.Nf3 Nf6 4.Nc3 a6 5.cxd5 cxd5 6.Bf4 Nc6 7.e3 Bg4 8.Be2 e6
9.O-O Bd6 10.Bxd6 Qxd6 11.Rc1 O-O 12.Na4 Nd7 13.Qb3 Rab8 14.Nc5 Nxc5 15.Rxc5 Bxf3
16.Bxf3 b6 17.Rc3 Na5 18.Qc2 g6 19.Rc1 Qd8 20.Be2 b5 21.b3 Rb6 22.Rc7 Nc4
23.Rc5 Nd6 24.Rc6 Ne4 25.Rxb6 Qxb6 26.Qc7 Rb8 27.f3 Nd6  1/2-1/2

[Event "FSGM November"]
[Site "Budapest HUN"]
[Date "2009.11.16"]
[Round "10"]
[White "Prohaszka,P2"]
[Black "Bui Vinh"]
[Result "1/2-1/2"]
[WhiteElo "2495"]
[BlackElo "2488"]

1.d4 d5 2.c4 c6 3.Nf3 Nf6 4.Nc3 a6 5.a4 e6 6.g3 a5 7.Bg2 Na6 8.O-O Be7 9.Ne5 Nd7
10.Bf4 O-O 11.Nxd7 Bxd7 12.e4 dxc4 13.Qe2 b5 14.e5 Nb4 15.axb5 cxb5 16.Bxa8 Qxa8
17.Be3 Bc6 18.f4  1/2-1/2

[Event "South Bohemia Open"]
[Site "Cesky Krumlov CZE"]
[Date "2009.11.20"]
[Round "8"]
[White "Cilia Vincenti,D"]
[Black "Kukla,Pe"]
[Result "1/2-1/2"]
[WhiteElo "2114"]
[BlackElo "2126"]

1.d4 d5 2.c4 c6 3.Nf3 Nf6 4.Nc3 a6 5.e3 e6 6.Bd3 Nbd7 7.O-O dxc4 8.Bxc4 b5
9.Be2 Bb7 10.e4 c5 11.e5 Ne4 12.Nxe4 Bxe4 13.Ng5 Bg6 14.Bf3 Ra7 15.d5 Nxe5
16.Re1 Bd6 17.Bf4 Qf6 18.Bxe5 Bxe5 19.dxe6 O-O 20.Nxf7 Bd4 21.Qe2 Bxf7  1/2-1/2

[Event "TCh-NED 2009-10"]
[Site "Netherlands NED"]
[Date "2009.11.21"]
[Round "3"]
[White "Wiersma,E"]
[Black "Groffen,H"]
[Result "1/2-1/2"]
[WhiteElo "2411"]
[BlackElo "2189"]

1.d4 d5 2.c4 c6 3.Nf3 Nf6 4.Nc3 a6 5.e3 b5 6.b3 Bg4 7.Bd2 Nbd7 8.h3 Bxf3
9.Qxf3 e6 10.Bd3 Bb4 11.O-O Qe7 12.a3 Bxc3 13.Bxc3 bxc4 14.bxc4 O-O 15.cxd5 Nxd5
16.Bb2 Rab8 17.Rab1 a5 18.e4 N5b6 19.Bc2 Nc4 20.Bc1 Rxb1 21.Bxb1 Rb8 22.Bc2 e5
23.Qc3 Nd6 24.dxe5 Qxe5 25.Qxc6 Nf6 26.Rd1 Ndxe4 27.Re1 Qc3 28.Qxc3 Nxc3
29.Bd2 Rc8 30.Kf1 Nb5 31.Rc1 Ra8 32.Bd3 Nd4 33.Rb1 a4 34.Rb7 Nb3 35.Bb4 Nd5
36.Bc4 Nxb4 37.Bxf7+ Kf8 38.axb4 Nd2+ 39.Ke2 Ne4 40.Be6 a3 41.Kd3 Nxf2+ 42.Ke3 a2
43.Rf7+ Ke8 44.Bxa2 Nd1+ 45.Kd4 Rxa2 46.Rxg7 Rb2 47.Kc5 Rc2+ 48.Kb6 Rb2 49.b5 Nc3
50.Rg5 Nxb5 51.Rxb5  1/2-1/2

[Event "UTD Invitational A"]
[Site "Dallas USA"]
[Date "2009.11.23"]
[Round "3"]
[White "Zivanic,M"]
[Black "Ramirez,Alej"]
[Result "1/2-1/2"]
[WhiteElo "2472"]
[BlackElo "2547"]

1.d4 d5 2.c4 c6 3.Nf3 Nf6 4.Nc3 a6 5.a4 e6 6.Bg5 a5 7.e3 Be7 8.Bd3 O-O 9.O-O Na6
10.Rc1 Nb4 11.Bb1 b6 12.b3 Ba6 13.Bxf6 Bxf6 14.Na2 Nxa2 15.Bxa2 c5 16.Re1 dxc4
17.bxc4 cxd4 18.exd4 Rc8 19.d5 exd5 20.cxd5 Qd6 21.Qd2 g6 22.h4 Qb4 23.Qxb4 axb4
24.Bb3  1/2-1/2

[Event "UTD Invitational B"]
[Site "Dallas USA"]
[Date "2009.11.24"]
[Round "4"]
[White "Annakov,B"]
[Black "Yeager,D"]
[Result "1/2-1/2"]
[WhiteElo "2451"]
[BlackElo "2259"]

1.d4 d5 2.c4 c6 3.Nf3 Nf6 4.Nc3 a6 5.e3 e6 6.Bd3 dxc4 7.Bxc4 b5 8.Bb3 c5
9.O-O Bb7 10.Qe2 Nbd7 11.Rd1 Qc7 12.h3  1/2-1/2

[Event "ch-IND National A"]
[Site "Mumbai IND"]
[Date "2009.12.03"]
[Round "3"]
[White "Kunte,A"]
[Black "Himanshu,Sh"]
[Result "0-1"]
[WhiteElo "2522"]
[BlackElo "2469"]

1.d4 d5 2.c4 c6 3.Nf3 Nf6 4.Nc3 a6 5.a4 e6 6.g3 a5 7.Bg2 Na6 8.O-O Be7 9.Re1 O-O
10.Bf4 Nb4 11.Ne5 Nd7 12.b3 Nxe5 13.Bxe5 f6 14.Bf4 c5 15.Nb5 cxd4 16.Bc7 Qd7
17.cxd5 Nxd5 18.Qxd4 Nxc7 19.Qxd7 Bxd7 20.Nxc7 Rac8 21.Rac1 b6 22.Red1 Rfd8
23.Bb7 Rb8 24.Bc6 Bxc6 25.Rxd8+ Bxd8 26.Rxc6 Rc8 27.Rxb6 Rxc7 28.Rxe6 Be7
29.Kg2 Kf7 30.Re3 Bb4 31.Rd3 Rc3 32.Rd7+ Kf8 33.Rd8+ Ke7 34.Rb8 Rxb3 35.Rb7+ Kf8
36.f4 Re3 37.Kf2 Ra3 38.e4 Rxa4 39.h4 h5 40.Rb5 Ra2+ 41.Ke3 Ra3+ 42.Kd4 Rxg3
43.Rxh5 Rf3 44.Rf5 Bd2  0-1

[Event "ch-IND National A"]
[Site "Mumbai IND"]
[Date "2009.12.05"]
[Round "5"]
[White "Gupta,Ab"]
[Black "Sriram,J"]
[Result "0-1"]
[WhiteElo "2578"]
[BlackElo "2497"]

1.d4 d5 2.c4 c6 3.Nc3 Nf6 4.Nf3 a6 5.g3 dxc4 6.a4 e6 7.Bg2 c5 8.dxc5 Qxd1+
9.Nxd1 Nc6 10.Ne3 Bxc5 11.Nxc4 Ke7 12.O-O Rd8 13.Bd2 Nd5 14.Rfd1 f6 15.Rac1 Bd7
16.a5 Rac8 17.Bf1 Be8 18.Be1 Bh5 19.Rd3 Nc7 20.Rxd8 Rxd8 21.Bg2 Bb4 22.Nce5 Bxe1
23.Nxc6+ bxc6 24.Rxe1 Rb8 25.Nd4 Rxb2 26.Nxc6+ Kd6 27.e3 Rd2 28.Kf1 Rd1 29.Nd4 Kc5
30.Bh3 Rxe1+ 31.Kxe1 Bf7 32.Bf1 e5 33.Nf5 g6 34.Nh6 Be6 35.h4 Kb4 36.g4 Kxa5
37.f4 Kb4 38.Kd2 a5 39.f5 gxf5 40.gxf5 Bd5 41.Kc2 Ne8 42.Kb2 a4 43.Be2 a3+
44.Ka1 Kc3 45.Bb5 Nd6 46.Bd7 Nc4 47.Ng4 h5 48.Nxf6 Nxe3 49.Ba4 Bf7 50.Nd7 Kb4  0-1

[Event "2nd Dragon Capital"]
[Site "Ho Chi Minh City VIE"]
[Date "2009.12.06"]
[Round "6"]
[White "Le Kieu Thien Kim"]
[Black "Nguyen Duc Hoa"]
[Result "1-0"]
[WhiteElo "2250"]
[BlackElo "2331"]

1.d4 d5 2.Nf3 Nf6 3.c4 c6 4.Nc3 a6 5.cxd5 cxd5 6.Bf4 Nc6 7.e3 Bg4 8.h3 Bh5
9.Be2 e6 10.Qb3 Bd6 11.Bxd6 Qxd6 12.O-O O-O 13.Rfc1 b5 14.a4 Na5 15.Qd1 b4
16.Na2 Ne4 17.Rab1 f6 18.Ne1 Bxe2 19.Qxe2 Nb3 20.Rd1 Rfc8 21.f3 Ng3 22.Qd3 Na5
23.b3 Nc6 24.Qd2 a5 25.Nc1 Ne7 26.Ncd3 Rc3 27.Rdc1 Nef5 28.Rxc3 bxc3 29.Qf2 e5
30.Nc2 Re8 31.Re1 h5 32.dxe5 fxe5 33.Rd1 h4 34.Nc1 Qc6 35.Kh2 Qc5 36.Qe1 Re7
37.Qg1 d4 38.e4 Nd6 39.Nd3 Qc6 40.Qe1 Nb7 41.f4 exf4 42.Nxd4 Qxe4 43.Qxc3 Ne2
44.Nxe2 f3 45.Ng1 f2 46.Nf3 Qe2 47.Qc4+ Rf7 48.Nde5 Qxd1 49.Qxf7+ Kh8 50.Qe8+ Kh7
51.Ng5+  1-0

[Event "ch-IND National A"]
[Site "Mumbai IND"]
[Date "2009.12.09"]
[Round "8"]
[White "Babu,NS"]
[Black "Himanshu,Sh"]
[Result "0-1"]
[WhiteElo "2335"]
[BlackElo "2469"]

1.d4 d5 2.c4 c6 3.Nf3 Nf6 4.Nc3 a6 5.c5 Bf5 6.Bf4 Nbd7 7.e3 e6 8.Nd2 Be7
9.Be2 Bg6 10.b4 Qc8 11.g4 h6 12.h4 b6 13.Rc1 a5 14.b5 bxc5 15.bxc6 Qxc6 16.Bb5 Qb6
17.dxc5 Bxc5 18.O-O Ba3 19.Qb3 Bxc1 20.Rxc1 O-O 21.Na4 Qd8 22.g5 hxg5 23.hxg5 Nh5
24.Bc7 Qxg5+ 25.Kf1 Ndf6 26.Nb6 Qh4 27.Ke2 Qg4+ 28.Ke1 Qg1+ 29.Nf1 Ng4 30.Rc2 Ra7
31.Bd6 Rd8 32.Nc8 Bxc2 33.Qxc2 Rb7 34.Ne7+ Kh8 35.a4 Qxf2+  0-1

[Event "ch-IND National A"]
[Site "Mumbai IND"]
[Date "2009.12.11"]
[Round "10"]
[White "Laxman,R"]
[Black "Himanshu,Sh"]
[Result "1-0"]
[WhiteElo "2511"]
[BlackElo "2469"]

1.Nf3 d5 2.d4 Nf6 3.c4 c6 4.Nc3 a6 5.a4 e6 6.g3 a5 7.Bg2 Be7 8.O-O Na6 9.Ne5 O-O
10.e4 Nb4 11.Be3 Ra7 12.Rc1 b6 13.Qb3 Ba6 14.Rfd1 Qa8 15.exd5 exd5 16.cxd5 cxd5
17.Bg5 Rd8 18.Nb5 Bxb5 19.axb5 a4 20.Qa3 h6 21.Bxf6 gxf6 22.Ng4 Kg7 23.Qf3 a3
24.bxa3 Rxa3 25.Ne3 Bf8 26.Nf5+ Kh7 27.Qh5 Qb7 28.Re1 Ra7 29.Re3 Rda8 30.Bf1 Qd7
31.Rce1 Kg8 32.Qg4+ Kh8 33.Re7 Qxe7 34.Rxe7 Rxe7 35.Nxe7 Bxe7 36.Qd7 Bf8
37.Qxf7 Bg7 38.Qb7 Ra1 39.Kg2 Rd1 40.Qxb6 f5 41.Qc5 Rxd4 42.b6  1-0

[Event "TCh-NED 2009-10"]
[Site "Netherlands NED"]
[Date "2009.12.12"]
[Round "4"]
[White "Ris,R"]
[Black "Sprangers,R"]
[Result "1/2-1/2"]
[WhiteElo "2420"]
[BlackElo "2225"]

1.d4 d5 2.c4 c6 3.Nf3 Nf6 4.Nc3 a6 5.g3 dxc4 6.Bg2 b5 7.O-O Nd5 8.e4 Nxc3
9.bxc3 e6 10.Ne5 Be7 11.Qh5 O-O 12.Qg4 Re8 13.Qh5 Rf8 14.Qg4 Re8 15.Qh5  1/2-1/2

[Event "Tch-SLO League"]
[Site "Rogaska Slatina SLO"]
[Date "2009.12.12"]
[Round "2"]
[White "Jelen,Ig"]
[Black "Brumen,D"]
[Result "1/2-1/2"]
[WhiteElo "2378"]
[BlackElo "2349"]

1.d4 d5 2.c4 c6 3.Nf3 Nf6 4.Nc3 a6 5.e3 b5 6.b3 Bg4 7.Be2 e6 8.O-O Bd6 9.Ne5 Bxe2
10.Qxe2 Qc7 11.Bb2 Nbd7 12.f4 b4 13.Na4 Bxe5 14.dxe5 Ne4 15.cxd5 cxd5 16.Rac1 Qb7
17.f5 exf5 18.e6 Ndf6 19.Nc5 Qb5 20.Qxb5+ axb5 21.Nxe4 fxe4 22.Bxf6 gxf6
23.Rxf6 O-O 24.e7 Rfe8 25.Rc7 Rxa2 26.Rd6 f6 27.Rxd5 Ra3 28.Rxb5 Rxb3 29.Kf2 Kf7
30.Rc4 Rb2+ 31.Kg3 Rg8+ 32.Kf4 b3 33.h3 Rc2 34.Rcb4 Rcxg2 35.Rxb3 Re8 36.Rb7 Rg5
37.Kxe4 Rh5 38.Kf4 Rxh3 39.Ra3 Rh4+ 40.Kf3 h5 41.Ra5 Rxe7 42.Rxe7+ Kxe7 43.e4 Kf7
44.e5  1/2-1/2

[Event "London Classic FIDE Open"]
[Site "London ENG"]
[Date "2009.12.14"]
[Round "8"]
[White "Wells,P"]
[Black "Houska,Jo"]
[Result "1/2-1/2"]
[WhiteElo "2489"]
[BlackElo "2391"]

1.d4 d5 2.c4 c6 3.Nf3 Nf6 4.Nc3 a6 5.g3 b5 6.b3 g6 7.Bg2 Bg7 8.O-O O-O 9.Ne5 Bf5
10.e3 Ra7 11.Ba3 Rb7 12.cxd5 cxd5 13.Bc5 Nfd7 14.Nxd7 Nxd7 15.Nxd5 Nxc5 16.dxc5 Rd7
17.c6 Bxa1 18.cxd7 Bg7 19.Nb4 Qxd7 20.Qxd7 Bxd7 21.Nxa6 Rc8 22.Nb4 Kf8 23.h3 e6
24.Rd1 Ke7 25.g4 Rc7 26.Bf3 Bf8 27.Rd2 Kf6 28.Rc2 Ra7 29.Nd3 b4 30.h4 h6
31.Be2 e5 32.Kg2 Be6 33.Bf3 g5 34.hxg5+ hxg5 35.Kg3 Ra5 36.Be4 Bd6 37.Kf3 Ke7
38.Nc1 f6 39.Ne2 Rc5 40.Rxc5 Bxc5 41.Ng3 Kd6 42.Bf5 Bd5+ 43.Ke2 Bb6 44.Kd3 Bd8
45.Be4 Be6 46.Bf3 Kc5 47.Kc2 Be7 48.Ne4+ Kb6 49.Nd2 Kc5 50.Kb2 Kb6 51.Be2 f5
52.gxf5 Bxf5 53.Kc1 Kc5 54.Nf1 e4 55.Ng3 Bh7 56.Bg4 Bd6 57.Bc8 Kd5 58.Kd2 Ke5
59.Bb7 Bf5 60.Ke1 Bc5 61.Kf1 Bd6 62.Kg2 Bc5 63.Ne2 Bg4  1/2-1/2

[Event "16th Open A"]
[Site "Zadar CRO"]
[Date "2009.12.17"]
[Round "7"]
[White "Lekic,D"]
[Black "Paljusaj,E"]
[Result "1/2-1/2"]
[WhiteElo "2387"]
[BlackElo "2297"]

1.d4 d5 2.c4 c6 3.Nf3 Nf6 4.Nc3 a6 5.c5 Bg4 6.Ne5 Bf5 7.Qb3 Ra7 8.f3 Be6
9.Qb6 Qxb6 10.cxb6 Ra8 11.Na4 Nbd7 12.Bf4 Nxe5 13.Bxe5 Nd7 14.Bc7 Bf5 15.e3 e6
16.Rc1 Be7 17.Be2 Bd8 18.Bxd8 Rxd8 19.Nc5 Nxc5 20.Rxc5 Bb1 21.a4 f6 22.b4 Ke7
23.Kd2 Bg6 24.Bxa6 bxa6 25.Rxc6 Be8 26.Rc7+ Kd6 27.a5 Bd7 28.e4 e5 29.dxe5+ fxe5
30.exd5 Rc8 31.Rhc1 Rxc7 32.Rxc7 g5 33.Ke3 Rc8 34.Ra7 Bb5 35.Rxh7 Rc2 36.f4 gxf4+
37.Ke4 Rc4+ 38.Kf5 Rxb4 39.Kf6 e4 40.Re7 e3 41.h4 e2 42.h5 Bd3 43.h6 Re4
44.b7 Rb4 45.Rxe2 Rxb7 46.Rf2 Rb4 47.Kg5 Kxd5 48.Rxf4 Rb2 49.g3 Rb8 50.g4 Rd8
51.Kh4 Bh7 52.Kg5 Be4 53.Kh4 Bh7 54.Kg5 Be4  1/2-1/2

[Event "Tata Steel TCh-Asia"]
[Site "Kolkata IND"]
[Date "2009.12.24"]
[Round "3"]
[White "Laxman,R"]
[Black "Bui Vinh"]
[Result "1/2-1/2"]
[WhiteElo "2511"]
[BlackElo "2488"]

1.Nf3 Nf6 2.c4 c6 3.d4 d5 4.Nc3 a6 5.a4 e6 6.g3 a5 7.Bg2 Na6 8.O-O Nb4 9.Ne5 Nd7
10.Bf4 Be7 11.Qb3 O-O 12.Rfd1 Nxe5 13.Bxe5 f6 14.Bf4 f5 15.Na2 Nxa2 16.Rxa2 b6
17.Qe3 Qd7 18.b3 Ba6 19.Rc2 Rac8 20.Be5 Rfe8 21.h4 Rf8 22.Bf3 Rfe8 23.Kg2 Rf8
24.Rh1 Bb7 25.cxd5 exd5 26.Qf4 Rf7 27.g4 Bf6 28.Bxf6 Rxf6 29.h5 Rff8 30.g5 Rce8
31.h6 g6 32.Rc3 Rf7 33.Rd1 Rfe7 34.Rdd3 Qd8 35.Re3 Kf8 36.Rxe7 Rxe7 37.Kh3 Re6
38.Re3 Rxe3 39.fxe3 Qe7 40.Qb8+ Kf7 41.Kh4 Ke6 42.Qe5+ Kd7 43.Qh8 Bc8 44.Qg7 Kd6
45.Qg8 Kc7 46.Qh8  1/2-1/2

[Event "XIX Magistral"]
[Site "Pamplona ESP"]
[Date "2009.12.27"]
[Round "7"]
[White "Laznicka,V"]
[Black "Huerga Leache,M"]
[Result "1-0"]
[WhiteElo "2637"]
[BlackElo "2435"]

1.d4 d5 2.c4 c6 3.Nf3 Nf6 4.Nc3 a6 5.c5 Nbd7 6.Bf4 Nh5 7.Bd2 Nhf6 8.Qc2 e5
9.dxe5 Ng4 10.Na4 Ngxe5 11.O-O-O Nxf3 12.gxf3 Be7 13.Rg1 O-O 14.Bc3 g6 15.Bd4 Qc7
16.e3 Re8 17.f4 Bf6 18.Nb6 Ra7 19.Nxd7 Bxd4 20.Rxd4 Bxd7 21.Bd3 b6 22.cxb6 Qxb6
23.f5  1-0

[Event "26th Open"]
[Site "Boeblingen GER"]
[Date "2009.12.29"]
[Round "7"]
[White "Borovikov,V"]
[Black "Schneider,Il"]
[Result "1-0"]
[WhiteElo "2585"]
[BlackElo "2496"]

1.d4 d5 2.c4 c6 3.Nc3 Nf6 4.Nf3 a6 5.c5 Nbd7 6.Bf4 Nh5 7.Bd2 Nhf6 8.Bf4 Nh5
9.Bd2 Nhf6 10.h3 Qc7 11.e4 Nxe4 12.Nxe4 dxe4 13.Ng5 h6 14.Nxe4 g6 15.Bc4 Bg7
16.O-O O-O 17.Re1 Bxd4 18.Bxh6 Bg7 19.Qd2 Ne5 20.Qf4 Qb8 21.Bxg7 Kxg7 22.Ng5 f6
23.Qg3 Qc7 24.Bd3 Qb8 25.f4 Qc7 26.fxe5  1-0

[Event "Christamas Open Masters"]
[Site "Zurich SUI"]
[Date "2009.12.30"]
[Round "7"]
[White "Bindrich,F"]
[Black "Pikula,D"]
[Result "1-0"]
[WhiteElo "2504"]
[BlackElo "2541"]

1.d4 d5 2.c4 c6 3.Nf3 Nf6 4.Nc3 a6 5.cxd5 cxd5 6.Bf4 Nc6 7.Rc1 Bf5 8.e3 Rc8
9.Be2 e6 10.O-O Bd6 11.Bxd6 Qxd6 12.Na4 O-O 13.Nc5 Rc7 14.Qb3 Qe7 15.Qb6 Rfc8
16.Rc3 Bg4 17.h3 Bxf3 18.Bxf3 Nd8 19.Rfc1 Rc6 20.Qb4 Kf8 21.a3 g6 22.Bd1 Ne4
23.Nxe4 Qxb4 24.axb4 dxe4 25.Ba4 b5 26.Bb3 Rxc3 27.Rxc3 Rxc3 28.bxc3 Ke7
29.g4 f5 30.Kg2 Nb7 31.Kg3 a5 32.bxa5 Nxa5 33.Ba2 h6 34.gxf5 exf5 35.Bd5 Kd6
36.Bf7 g5 37.Bg6 Nc4 38.Bxf5 Nd2 39.Kg4 Kd5 40.Bd7 Kc4 41.Kh5 Nb1 42.Bxb5+ Kxb5
43.Kxh6 Kc4 44.Kxg5 Nd2 45.h4 Nf3+ 46.Kg4 Kd5 47.c4+ Ke6 48.h5 Ne1 49.Kg5 Nd3
50.Kg6  1-0

[Event "85th Masters"]
[Site "Hastings ENG"]
[Date "2009.12.31"]
[Round "4"]
[White "Eames,R"]
[Black "Straub,P"]
[Result "1-0"]
[WhiteElo "2276"]
[BlackElo "2122"]

1.d4 d5 2.c4 c6 3.Nf3 Nf6 4.Nc3 a6 5.c5 Nbd7 6.Bf4 Nh5 7.Bg5 Qc7 8.e4 dxe4
9.Nxe4 Nhf6 10.Bd3 Nxe4 11.Bxe4 g6 12.O-O Bg7 13.Re1 Nf6 14.Qd2 O-O 15.Bc2 Nd5
16.h4 Be6 17.h5 Bg4 18.hxg6 fxg6 19.Ne5 Bf5 20.Bb3 Rae8 21.f3 Kh8 22.g4 Bc8
23.Kg2 e6 24.Bc2 Bxe5 25.dxe5 Qf7 26.Be4 Qc7 27.f4 Rf7 28.Rh1 Kg8 29.Rh6 Ref8
30.Rf1 b6 31.Kg3 Nxf4 32.Bxf4 g5 33.cxb6 gxf4+ 34.Kf3 Qxb6 35.Rfh1 Qe3+ 36.Qxe3 fxe3+
37.Kxe3 Rg7 38.Bxh7+ Kf7 39.Rf1+ Ke7 40.Rxf8 Kxf8 41.Kf4 Rb7 42.Be4 Kg8 43.Rg6+ Kf7
44.Rf6+ Kg7 45.b3 Rb4 46.g5 c5 47.g6 c4 48.Rf7+ Kg8 49.Rc7 cxb3 50.Rxc8+  1-0

[Event "22nd Open"]
[Site "Staufer GER"]
[Date "2010.01.04"]
[Round "7"]
[White "Graf,A"]
[Black "Burmakin,V"]
[Result "1/2-1/2"]
[WhiteElo "2593"]
[BlackElo "2590"]

1.d4 d5 2.c4 c6 3.Nf3 Nf6 4.Nc3 a6 5.cxd5 cxd5 6.Bf4 e6 7.e3 Bd6 8.Bd3 Bxf4
9.exf4 Nc6 10.O-O Qd6 11.Qd2 O-O 12.Rfe1 Bd7 13.Rad1 Rac8 14.Ne5 Nxd4 15.Bxh7+ Nxh7
16.Qxd4 Rfd8 17.f5 Nf6 18.g4 exf5 19.g5 Ne4 20.Qxd5 Be6 21.Qxd6  1/2-1/2

[Event "ch-NZL"]
[Site "Auckland NZL"]
[Date "2010.01.10"]
[Round "9"]
[White "Thornton,G"]
[Black "Smith,Ro"]
[Result "0-1"]
[WhiteElo "2167"]
[BlackElo "2289"]

1.d4 d5 2.Nf3 Nf6 3.c4 c6 4.Nc3 a6 5.a4 e6 6.Bg5 Bb4 7.Qb3 a5 8.e3 Nbd7 9.Bd3 h6
10.Bh4 g5 11.Bg3 Nh5 12.cxd5 exd5 13.O-O Nxg3 14.fxg3 Nb6 15.e4 Be6 16.Rae1 dxe4
17.Rxe4 Qd6 18.Rxe6+ fxe6 19.Bg6+ Ke7 20.Kh1 Rhf8 21.Re1 Nd5 22.Ne4 Qc7 23.Nc3 Rad8
24.Bh5 Rf6 25.Bg4 Kf7 26.Qc2 Kg7 27.Re2 Bxc3 28.bxc3 Qf7 29.h3 Kh8 30.Ne5 Qh7
31.Qb2 Rf1+ 32.Kh2 Rdf8 33.Bf3 Rb1 34.Qd2 Ra1 35.Re1 Rxe1 36.Qxe1 Qc2 37.Bd1 Qf5
38.c4 Nb4 39.Bg4 Qc2 40.Nf3 Qg6 41.Qe5+ Kh7 42.Qxa5 Nd3 43.Qd2 Re8 44.Qe3 Ra8
45.Bxe6 Nb2 46.Qe5 Qg7 47.Qd6 Nxa4 48.Bf5+ Kh8 49.Ne5 Re8 50.Bg4 Nb6 51.Be2 Nc8
52.Qb8 Qf6 53.Bg4 Nd6 54.Qxd6 Qxd6 55.Nf7+ Kg7 56.Nxd6 Rb8 57.Kg1 b5 58.c5 b4
59.Bf5 b3 60.Kf2 Rf8 61.Ke2 Rxf5 62.Nxf5+ Kf6 63.Kd3 Kxf5 64.g4+ Ke6 65.Kc3 Kd5
66.Kxb3 Kxd4 67.Kb4 Kd5 68.g3 Kd4 69.h4 Kd5 70.hxg5 hxg5 71.Kc3 Kxc5 72.Kd3 Kd5
73.Ke3 c5 74.Kd3 c4+ 75.Kc3 Kc5 76.Kc2 Kd4 77.Kd2 Ke4 78.Kc3 Kf3 79.Kxc4 Kxg4
80.Kd3 Kxg3 81.Ke2 Kg2 82.Ke3 g4 83.Ke2 g3 84.Ke1 Kh2  0-1

[Event "46th ch-CUB"]
[Site "Ciego de Avila CUB"]
[Date "2010.01.14"]
[Round "2"]
[White "Corrales Jimenez,F"]
[Black "Gomez Garrido,C"]
[Result "0-1"]
[WhiteElo "2602"]
[BlackElo "2461"]

1.d4 d5 2.c4 c6 3.Nc3 Nf6 4.Nf3 a6 5.e3 b5 6.c5 Nbd7 7.Bd3 e5 8.Nxe5 Nxe5
9.dxe5 Ng4 10.b4 Nxe5 11.Bb2 Qg5 12.Kf1 Nxd3 13.Qxd3 Be7 14.e4 Qg6 15.Re1 O-O
16.Re3 dxe4 17.Nxe4 Be6 18.Kg1 Rfd8 19.Qc2 Bh3 20.f4 Rd1+  0-1

[Event "46th ch-CUB"]
[Site "Ciego de Avila CUB"]
[Date "2010.01.16"]
[Round "5"]
[White "Almeida Quintana,O"]
[Black "Ortiz Suarez,I"]
[Result "1/2-1/2"]
[WhiteElo "2524"]
[BlackElo "2504"]

1.d4 d5 2.c4 c6 3.Nf3 Nf6 4.Nc3 a6 5.a4 e6 6.g3 dxc4 7.Bg2 c5 8.dxc5 Qxd1+
9.Nxd1 Bxc5 10.Ne5 Ke7 11.O-O Nd5 12.Ne3 Nc6 13.Nxc6+ bxc6 14.Nxc4 Bd7 15.Bd2 Rab8
16.Rfc1 Bb4 17.e4 Bxd2 18.Nxd2 Nf6 19.Rc2 Rb4 20.Bf1 Rhb8 21.Bxa6 Rxb2 22.Rxb2 Rxb2
23.Nc4 Rb8 24.Nd2 Rb2 25.Nc4 Rb8 26.Nd2  1/2-1/2